Janáčkův komorní orchestr a sólisté

Korporativní autor: Janáčkův komorní orchestr
Další autoři: Stamic, Karel, 1745-1801, Boccherini, Luigi, 1743-1805, Borghi, Luigi, asi 1745-1806, Dejmek, Zdeněk, 1938-2010, Hališka, Jan, 1942-, Hanousek, Jiří, 1961-, Kuzník, Václav
Jazyk: Čeština
Vydáno: Praha : Český rozhlas, [1993]
Témata:
Fyzický popis: 1 CD : AAD ; 12 cm + 1 brožura [8 s.].
Zvukové nahrávky
Uloženo v:
LEADER 01987njm a2200457 a 4500
001 000535397
003 CZ BrMZK
005 20050419104437.0
008 000105s1993 xr f cze d
028 0 3 |a RS-011395  |b Český rozhlas 
040 |a BOA001  |b cze 
080 |a 785.1"17/18"(086.7)  |2 MRF 
080 |a 787.1.087.2"17"(086.7)  |2 MRF 
080 |a 787.3:785.6"17/18"(086.7)  |2 MRF 
110 2 |a Janáčkův komorní orchestr  |7 kn20010710218  |4 prf 
245 1 0 |a Janáčkův komorní orchestr a sólisté  |h [zvukový záznam] /  |c Janáčkův komorní orchestr. 
246 3 3 |a Koncert pro housle a smyččce D-dur 
246 3 3 |a Koncert pro violoncello DS-dur 
246 3 3 |a Concerto in D per violoncello per archi 
260 |a Praha :  |b Český rozhlas,  |c [1993] 
300 |a 1 CD :  |b AAD ;  |c 12 cm +  |e 1 brožura [8 s.]. 
306 |a 005329 
500 |a Nahr. 1980-93 
500 |a Durata 53:29 
500 |a Text v brož. vícejaz. 
505 0 |a Concerto in D per violoncello per archi, KOncert pro violoncello D-dur, Koncert pro housle a smyčce D-dur. 
511 0 |a Jiří Hanousek, violoncello; Jan Hališka, violoncello; Vítězslav Kuzník, housle 
653 0 |a houslové koncerty  |a komorní orchestr  |a violoncellové koncerty 
700 1 |a Stamic, Karel,  |d 1745-1801  |7 jn19990009993  |4 cmp 
700 1 |a Boccherini, Luigi,  |d 1743-1805  |7 jn19990000868  |4 cmp 
700 1 |a Borghi, Luigi,  |d asi 1745-1806  |7 xx0019224  |4 cmp 
700 1 |a Dejmek, Zdeněk,  |d 1938-2010  |7 xx0040215  |4 cnd 
700 1 |a Hališka, Jan,  |d 1942-  |7 jn20000400856  |4 prf 
700 1 |a Hanousek, Jiří,  |d 1961-  |7 mzk2005279573  |4 prf 
700 1 |a Kuzník, Václav  |4 prf 
910 |a BOA001  |b CD-0009.002 
964 |a Violoncello a orchestr  |x koncerty  |z stol.18.-19.  |x CD 
964 |a Housle a orchestr  |x koncerty  |z stol.18.  |x CD 
964 |a Orchestr komorní  |x koncerty  |z stol.18.-19.  |x CD 
990 |a AV 
996 6 |b 261H009691  |c CD-0009.002  |l MZK  |r Sklad / do 24 hodin  |n 0  |p p.v.  |w 000535397  |u 000010  |a 1  |e BOA001  |j MZK50  |s P